Statistics for African -American Firsts

Click here to take the quiz!

General Stats

  • This quiz has been taken 18 times
  • The average score is 4 of 10

Answer Stats

FeatAnswer% Correct
Oscar winner for Best ActressHalle Berry
81%
Inducted into baseball Hall Of FameJackie Robinson
69%
Oscar winner for Best ActorSidney Poitier
63%
'Time' magazine Man of The YearMartin Luther King
50%
US Secetary of StateColin Powell
50%
Dine in the WhitehouseBooker T Washington
38%
Become World Heavyweight boxing champJack Johnson
31%
Mayor of New YorkDavid Dinkins
19%
Win Wibledon ladies singles titleAlthea Gibson
13%
Inducted into Country music Hall of FameCharley Pride
0%

Score Distribution

Percentile by Number Answered

Percent of People with Each Score

Your Score History

You have not taken this quiz